Văn học Việt Nam thế kỷ XX: Văn nghị luận đầu thế kỷ Q.5,T.1
v.v...
Đã lưu trong:
| Tác giả chính: | |
|---|---|
| Định dạng: | Sách |
| Năm xuất bản: |
H.
Văn học
2003
|
| Chủ đề: | |
| Tags: |
Thêm thẻ
Không có thẻ, Hãy là người đầu tiên gắn thẻ bản ghi này!
|
| LEADER | 01335nam a2200217 4500 | ||
|---|---|---|---|
| 082 | |a 895.9223208 |b v 114 h | ||
| 100 | |a Mai Quốc Liên, Nguyễn Văn Lưu | ||
| 245 | |a Văn học Việt Nam thế kỷ XX: Văn nghị luận đầu thế kỷ |c Mai Quốc Liên, Nguyễn Văn Lưu, Cao Xuân Mỹ |n Q.5,T.1 | ||
| 260 | |b Văn học |c 2003 |a H. | ||
| 300 | |a 948tr. |c 24cm | ||
| 520 | |a v.v... | ||
| 653 | |a Văn học hiện đại | ||
| 653 | |a Thế kỷ 20 | ||
| 653 | |a Việt Nam | ||
| 653 | |a Nghị luận | ||
| 942 | |2 ddc |c STK0 | ||
| 999 | |c 3014 |d 3014 | ||
| 952 | |0 0 |1 0 |2 ddc |4 0 |6 895_922320800000000_V_114_H |7 1 |8 800 |9 34673 |a qbu |b qbu |c D5 |d 2014-12-15 |g 190000 |o 895.9223208 v 114 h |p 5351.C1 |r 0000-00-00 |w 2014-12-15 |y STK0 |0 0 |6 895_922320800000000_V_114_H | ||
| 952 | |0 0 |1 0 |2 ddc |4 0 |6 895_922320800000000_V_114_H |7 0 |8 800 |9 34674 |a qbu |b qbu |c D5 |d 2014-12-15 |g 190000 |o 895.9223208 v 114 h |p 5351.C2 |r 0000-00-00 |w 2014-12-15 |y STK0 |0 0 |6 895_922320800000000_V_114_H | ||
| 952 | |0 0 |1 0 |2 ddc |4 0 |6 895_922320800000000_V_114_H |7 0 |8 800 |9 34675 |a qbu |b qbu |c D5 |d 2014-12-15 |g 190000 |o 895.9223208 v 114 h |p 5351.C3 |r 0000-00-00 |w 2014-12-15 |y STK0 |0 0 |6 895_922320800000000_V_114_H | ||
| 952 | |0 0 |1 0 |2 ddc |4 0 |6 895_922320800000000_V_114_H |7 0 |8 800 |9 34676 |a qbu |b qbu |c D5 |d 2014-12-15 |g 190000 |o 895.9223208 v 114 h |p 5351.C4 |r 2015-10-27 |w 2014-12-15 |y STK0 |0 0 |6 895_922320800000000_V_114_H | ||